Las Estadísticas de educación superior en América Latina y el Caribe. fase II : "esquema preliminar para la recopilación de datos"/ por Susana Schkolnik. (Record no. 136067)
[ view plain ]
| 000 -CABECERA | |
|---|---|
| campo de control de longitud fija | 00821nam a2200205 a 4500 |
| 005 - FECHA Y HORA DE LA ÚLTIMA TRANSACCIÓN | |
| campo de control | 20210219160350.0 |
| 008 - ELEMENTOS DE LONGITUD FIJA--INFORMACIÓN GENERAL | |
| campo de control de longitud fija | 081020s2000 mx r 000 0 spa d |
| 035 ## - NÚMERO DE CONTROL DEL SISTEMA | |
| Número de control de sistema | UPN01000163954 |
| 049 ## - COLECCIÓN | |
| Colección | UNE |
| 080 ## - NÚMERO DE CLASIFICACIÓN DECIMAL UNIVERSAL | |
| Número de la Clasificación Decimal Universal | OC 31: 378 (7/8) SCH No.5. |
| 100 1# - ASIENTO PRINCIPAL--NOMBRE PERSONAL | |
| Nombre de persona | Schkolnik, Susana |
| 245 10 - MENCIÓN DE TÍTULO | |
| Título | Las Estadísticas de educación superior en América Latina y el Caribe. fase II : "esquema preliminar para la recopilación de datos"/ por Susana Schkolnik. |
| 260 ## - PUBLICACIÓN, DISTRIBUCIÓN, ETC. | |
| Lugar de publicación, distribución, etc. | Caracas : CRESALC, 1981. |
| 300 ## - DESCRIPCIÓN FÍSICA | |
| Extensión | pág. irregular |
| 440 #0 - MENCIÓN DE SERIE/ASIENTO SECUNDARIO--TÍTULO | |
| Título | CRESALC. documento de trabajo; 5 |
| 690 ## - PUNTO DE ACCESO ADICIONAL DE MATERIA LOCAL--TÉRMINO DE MATERIA (OCLC, RLIN) | |
| Término de materia o nombre geográfico como elemento inicial | Estadisticas educacionales- Enseñanza superior |
| 690 ## - PUNTO DE ACCESO ADICIONAL DE MATERIA LOCAL--TÉRMINO DE MATERIA (OCLC, RLIN) | |
| Término de materia o nombre geográfico como elemento inicial | America Latina- Enseñanza superior- Estadisticas educacionales |
| 710 2# - ASIENTO SECUNDARIO - NOMBRE CORPORATIVO | |
| Nombre de entidad corporativa o nombre de jurisdicción como elemento de entrada | Centro Regional para la Educación Superior en América Latina y el Caribe |
| 905 ## - TIPO DE MATERIAL | |
| Tipo de material | UNESCO |
No items available.
